000 01639nam a2200301 i 4500
001 183970
003 ES-MaACL
005 20260130133739.0
008 150121s1908 fr |||| | fre d
080 _a273.911
245 0 0 _aPatrologia Orientalis.
_nTomus quartus /
_c[publié par] R. Graffin, F. Nau.
260 _aParis :
_bFirmin-Didot et Cie,
_c1908.
300 _a725 p. ;
_c28 cm.
505 8 _aContiene: I, Les "Homiliae cathedrales" de Sévère d'Antioche (Homélies LII à LVII) / Rubens Duval -- 2. Les Plus anciens monuments du Christianisme écrits sur papyrus / C. Wessely -- 3. Histoire nestorienne (chronique de Séert) (Première partie, fasc. 1) /. Addai Scher et J. Périer -- 4. La cause de la fondation des écoles (écrit de Mar Barhadbsabba Arbaia, evêque de Halwan / Addai Scher -- 5. Histoire de S. Pacome et de S. Jean-Baptiste. Miracle de S. Michel a Colosses / J. Bousquet et F. Nau -- 6. The life of Severus Patriarch of Antioch, by Athanasius (of Antioch) / E.- J.Goodspeed et W.E. Crum
650 _aPatrística.
_915895
650 0 7 _aLiteratura cristiana primitiva
_2embne
_914529
700 1 _aGraffin, René,
_d1858-1941
_9156163
700 1 _aNau, François.
_985006
700 1 _aDuval, Rubens (
_d1839-1911)
_9156168
700 1 _aWessely, Karl,
_d1860-1931
_9156169
700 1 _aScher, Addai,
_d1867-1916
_9156170
700 1 _aPérier, Jean-Baptiste,
_d1870-1940
_9156171
700 0 _aBousquet, Jacques.
_931037
700 0 _aGoodspeed, Edgar Johnson.
_959115
700 1 _aCrum, Walter Ewing,
_d1865-1944
_9156172
852 _aES-MaACL
_jG-693
999 _c183970
_d183970